Global market rents (Record no. 106292)

MARC details
000 -LEADER
fixed length control field 00884cam a2200205 4500
001 - CONTROL NUMBER
control field L136028
008 - FIXED-LENGTH DATA ELEMENTS--GENERAL INFORMATION
fixed length control field 070103n2006 000 0 eng u
035 ## - SYSTEM CONTROL NUMBER
System control number (Sirsi) u136028
041 0# - LANGUAGE CODE
Language code of text/sound track or separate title eng
110 2# - MAIN ENTRY--CORPORATE NAME
Corporate name or jurisdiction name as entry element CB Richard Ellis
9 (RLIN) 3675
245 00 - TITLE STATEMENT
Title Global market rents
Remainder of title November 2006
260 ## - PUBLICATION, DISTRIBUTION, ETC.
Name of publisher, distributor, etc. CB Richard Ellis
Date of publication, distribution, etc. 2006
490 #0 - SERIES STATEMENT
Series statement CB Richard Ellis Global Market Rents
Volume/sequential designation November 2006
520 ## - SUMMARY, ETC.
Summary, etc. Provides a comparison of office occupancy costs in markets worldwide. Gives a commentary on market and economic conditions in the United States, Canada, Latin America, Europe, Asia, Australia and Africa. Tables compare office rents and occupancy costs in different cities.
590 ## - LOCAL NOTE (RLIN)
Local note KA
651 #4 - SUBJECT ADDED ENTRY--GEOGRAPHIC NAME
Geographic name International
690 ## - LOCAL SUBJECT ADDED ENTRY--TOPICAL TERM (OCLC, RLIN)
Topical term or geographic name as entry element PROPERTY-COMMERCIAL PROPERTY-OFFICE PROPERTY
856 40 - ELECTRONIC LOCATION AND ACCESS
Uniform Resource Identifier <a href="https://www.cbre.com/">https://www.cbre.com/</a>
Public note View the item free of charge at www.cbre.com/...
942 ## - ADDED ENTRY ELEMENTS (KOHA)
Suppress in OPAC 0
Holdings
Withdrawn status Lost status Source of classification or shelving scheme Damaged status Not for loan Home library Current library Shelving location Date acquired Total Checkouts Full call number Barcode Date last seen Copy number Price effective from Koha item type
    Dewey Decimal Classification     Virtual Virtual Online 03/01/2007   ONLINE PUBLICATION 136028-2001 06/08/2019 1 06/08/2019 Book